Zastúpenie advokátom v konaní vo veciach dohľadu

Zákon o dohľade nad finančným trhom v tretej časti obsahuje reguláciu konania vo veciach dohľadu, v ktorom je vylúčená subsidiárna aplikácia správneho poriadku. Právna úprava neurčuje obligatórne zastúpenie advokátom v konaní vo veciach dohľadu. Ide o voľbu účastníka konania. Poskytovanie právnych s...

Descrizione completa

Salvato in:
Dettagli Bibliografici
Autore principale: Slezáková, Andrea, 1980-
Natura: Capitolo di libro
Lingua:slovacco
Soggetti:
Tags: Aggiungi Tag
Nessun Tag, puoi essere il primo ad aggiungerne!!

MARC

LEADER 00000naa a2200000 4500
001 0235058
005 20240502073816.1
041 0 |a slo 
044 |a SK 
245 1 0 |a Zastúpenie advokátom v konaní vo veciach dohľadu  |c Andrea Slezáková 
520 |a Zákon o dohľade nad finančným trhom v tretej časti obsahuje reguláciu konania vo veciach dohľadu, v ktorom je vylúčená subsidiárna aplikácia správneho poriadku. Právna úprava neurčuje obligatórne zastúpenie advokátom v konaní vo veciach dohľadu. Ide o voľbu účastníka konania. Poskytovanie právnych služieb advokátom v predmetnom konaní zahŕňa množstvo právnych aspektov. Bližšie vymedzenie plnomocenstva. 
610 2 0 |a poriadok právny 
610 2 0 |a dohľad nad finančným trhom 
610 2 0 |a splnomocnenie 
610 2 0 |a advokáti 
610 2 0 |a advokácia 
100 1 |a Slezáková, Andrea, 1980-